| 000 | 00697nam a22002177a 4500 | ||
|---|---|---|---|
| 999 |
_c12154 _d12154 |
||
| 003 | AR-CdUCM | ||
| 008 | 190408b ||||| |||| 00| 0 spa d | ||
| 040 |
_aMUNICIPALIDAD PROVINCIAL DEL CUSCO _cBIBLIOTECA MUNICIPAL DEL CUSCO |
||
| 082 |
_22ed. _a340.3 / _bG25 / 1879 |
||
| 100 |
_aGarcía Calderón, Francisco _928682 |
||
| 245 | _aDiccionario de la legislación peruana / | ||
| 260 |
_aLima : _bDepósitos y Agencias del autor, _c1879. |
||
| 300 |
_a2 tomos ; _c32 cm. |
||
| 500 | _aDedicatoria | ||
| 505 | _aContenido: t.1. A-E. -- t.2. F-Z. | ||
| 650 |
_aLegislación _92962 |
||
| 650 |
_aPerú _935 |
||
| 650 |
_aDiccionarios _95105 |
||
| 942 |
_2ddc _cLIBROS |
||
| 945 |
_aacv _d08/04/2019 |
||